| 000 | 00417cam a22001337a 4500 | ||
|---|---|---|---|
| 008 | 180718b1971 xxu||||| |||| 00| 0 eng d | ||
| 082 | _aA99 G1512b/Se55 | ||
| 245 |
_aWit and wisdom of indira Gandhi: the uncrowned queen of india _cedited by Indira Gandhi N.R. Sen |
||
| 260 |
_aDelhi _bN. Book Society of India _c1971 |
||
| 300 | _a336p. | ||
| 650 | _aGandhi, Indira | ||
| 700 | _aSen, N.R. | ||
| 700 | _aGandhi, Indira | ||
| 999 |
_c344789 _d344789 |
||